000 01278nam a2200277Ia 4500
999 _c5014
_d5014
003 OSt
005 20200429095907.0
008 191128s2011 sp gr 000 0 spa d
020 _a9788423345137
040 _aCO-JMCR
_cCO-JMCR
041 0 _aspa
082 0 4 _a304.2 /
_bH277c
100 1 _aHessel, Sthépane,
_eautor
_93595
245 1 0 _a¡Comprometeos! ya no basta con indignarse :
_bconversaciones con Gilles Vanderpooten
_cHessel, Sthépane, traducción, Rosa Alapont/
260 _aBarcelona :
_bDestino,
_c2011
300 _a95 páginas ;
_c20 cm.
490 0 _aImago Mundi ;
_v206
505 _aCarta de los autores -- Stéphane Hessel -- ¡Comprometeos! -- Declaración Universal de los Derechos Humanos
520 _aStéphane Hessel, cuyo alegato contra la indiferencia ha contribuido a desperezar las conciencias de miles y miles de indignadod, proclama ahora la necesidad de comprometerse, desde la exigencia ética individual y con rechazo explicíto a toda violencia.
534 _pEngagez-vous!
650 1 4 _aEntrevistas Diplomáticos
_zFrancia
_93596
650 2 4 _aEntrevistas
_xParticipación social
_93597
650 2 4 _aProtección de los recursos naturales
_xEcologismo
_93598
700 1 _aAlapont, Rosa,
_etraductora
_93599
942 _2ddc
_cBK